00671 2200241 4500001002100000008004100021035002000062245007900082100001700161260003800178300001200216020002300228084002000251082000800271650001200279990001800291990002000309990002000329990002000349990002000369990002000389990002000409INLIS000000000000558 ind  a0010-0724000558 aDongeng Sains Bagaimana Cara Menghambat Perkaratan Pada BesicAnna Martina aAnna Martina aJakartabArmandelta Selarasc2008 a26 hlm. a978-979--26-7161-2 a398.245.2 ANN b a398 aFolklor aP29/CP/24/558 aP29/CP/24/558.1 aP29/CP/24/558.2 aP29/CP/24/558.3 aP29/CP/24/558.4 aP29/CP/24/558.5 aP29/CP/24/558.6